Loading...
The Wordsworth dictionary of saints/
| Main Author: | |
|---|---|
| Format: | Printed Book |
| Published: |
Hertfordshire:
Wordsworth,
1992.
|
| LEADER | 00507nam a22001451a 4500 | ||
|---|---|---|---|
| 020 | |a 9781853263194 | ||
| 082 | |a R 270.092 |b ALI/W | ||
| 100 | |a Alison Jones |9 122960 | ||
| 245 | |a The Wordsworth dictionary of saints/ |c by Alison Jones | ||
| 260 | |a Hertfordshire: |b Wordsworth, |c 1992. | ||
| 300 | |a 243p. | ||
| 500 | |a Alison Jones | ||
| 942 | |c REF | ||
| 999 | |c 51233 |d 51233 | ||
| 952 | |0 0 |1 0 |4 0 |6 R_270_092000000000000_ALI_W |7 0 |9 74583 |a SSUS |b SSUS |c REF |d 2015-01-08 |g 0.00 |o R 270.092 ALI/W |p 005524 |r 2015-01-08 |v 0.00 |w 2015-01-08 |y REF | ||